<?xml version="1.0" encoding="UTF-8"?>
<record
    xmlns:xsi="http://www.w3.org/2001/XMLSchema-instance"
    xsi:schemaLocation="http://www.loc.gov/MARC21/slim http://www.loc.gov/standards/marcxml/schema/MARC21slim.xsd"
    xmlns="http://www.loc.gov/MARC21/slim">

  <leader>01748nam a22001577a 4500</leader>
  <datafield tag="999" ind1=" " ind2=" ">
    <subfield code="c">518115</subfield>
    <subfield code="d">518115</subfield>
  </datafield>
  <controlfield tag="008">210818b           ||||| |||| 00| 0 eng d</controlfield>
  <datafield tag="100" ind1=" " ind2=" ">
    <subfield code="a">Pinki, Jha and Nitesh Kumar </subfield>
    <subfield code="9">28522</subfield>
  </datafield>
  <datafield tag="245" ind1=" " ind2=" ">
    <subfield code="a">Ways of coping and mental health among male and female police constables: A comparative study</subfield>
  </datafield>
  <datafield tag="260" ind1=" " ind2=" ">
    <subfield code="a">The Indian Police Journal  </subfield>
  </datafield>
  <datafield tag="300" ind1=" " ind2=" ">
    <subfield code="a">67(4), Oct-Dec, 2020: p.159-174</subfield>
  </datafield>
  <datafield tag="520" ind1=" " ind2=" ">
    <subfield code="a">Police play an important role in maintaining laws, rules and regulation in the society. In doing so, their nature of duty put them in different kind of mental health issues like stress and anxiety. Ways of coping skills help them to cope effectively with those mental health issues. Gender plays a vital role in determining one&#x2019;s coping strategies and mental health. The effort is made in this piece of work to study gender differences in the variables under study. The data was collected from 300 police constables (an equal number of male and female)in the age range of 25 to 40 years utilizing random sampling technique. Ways of Coping Questionnaire (Folkman and Lazarus, 1988) and WHO Measure of Mental Health (Wig, 1999) were administered to collect the data. Results were obtained on applying t-test which revealed that male and female police constables are significantly different in ways of coping and mental health. Male police constables were found to have higher mean scores on the variables, ways of coping and mental health than female police constables, which, reflects comparatively better ways of coping and mental health in male police constables than female police constables. &#x2013; Reproduced </subfield>
  </datafield>
  <datafield tag="650" ind1=" " ind2=" ">
    <subfield code="a">Police, Ways of coping, Mental health</subfield>
    <subfield code="9">26944</subfield>
  </datafield>
  <datafield tag="773" ind1=" " ind2=" ">
    <subfield code="a"> The Indian Police Journal </subfield>
  </datafield>
  <datafield tag="906" ind1=" " ind2=" ">
    <subfield code="a">POLICE - INDIA</subfield>
  </datafield>
  <datafield tag="942" ind1=" " ind2=" ">
    <subfield code="c">AR</subfield>
  </datafield>
  <datafield tag="952" ind1=" " ind2=" ">
    <subfield code="0">0</subfield>
    <subfield code="1">0</subfield>
    <subfield code="2">ddc</subfield>
    <subfield code="4">0</subfield>
    <subfield code="7">0</subfield>
    <subfield code="9">392174</subfield>
    <subfield code="a">IIPA</subfield>
    <subfield code="b">IIPA</subfield>
    <subfield code="d">2021-08-18</subfield>
    <subfield code="h">67(4), Oct-Dec, 2020: p.159-174</subfield>
    <subfield code="p">AR125312</subfield>
    <subfield code="r">2021-08-18</subfield>
    <subfield code="y">AR</subfield>
  </datafield>
</record>
